00903nam a2200169 a 450000100100000000500170001000800410002704000250006824501580009326000350025130000420028650000320032850502820036070000290064270000300067170000320070100003667720200930075852.0120124s1968 es abc 000 0 spa d aDO-SdBNPbspacBNPHU00aHistoria universal de las exploraciones :pEl tiempo de los grandes veleros /cpublicada bajo la dirección de L.-H. Parias ; prefacio de Lucien Febvre. aMadrid :bEspasa-Calpe,c1968. a376 p. :bil., map., retrs. ;c24 cm. aLa biblioteca posee el v. 30 gv. 1 -tLa prehistoria al fin de la edad media. --gv. 2-tEl renacimiento [1415-1600]. --gv. 3 -tEl tiempo de los grandes veleros /rPierre Jacques Charllatgv. 4 -tEpoca contemporánea. --gv. 5 -tExploración del sistema solar. --gv. 6 -tLa exploración de la luna.12aCharliat, Pierre-Jacques12aParias, Louis-Henri,eed.12aMorales Padrón, Francisco